[Event "9. Korbacher Open 2017"]
[Site "Korbach"]
[Date "2017.10.19"]
[Round "1"]
[White "Nemetz, Markus"]
[Black "Ohst, Holger"]
[Result "1/2-1/2"]
[WhiteElo "1951"]
[BlackElo "1986"]
[Annotator "NA RC"]
[PlyCount "110"]
[EventDate "2017.??.??"]
[EventType "swiss"]
[EventCountry "GER"]
[SourceTitle "playchess.com"]
[Source "ChessBase"]
[SourceQuality "1"]
[TimeControl "40/5400+30:1800+30"]

{[%evp 11,107,31,32,32767,46,33,84,80,72,76,76,72,73,61,209,196,189,134,200,168,186,179,204,196,205,201,197,32767,193,187,194,167,189,32767,191,189,214,128,139,129,125,126,131,141,136,108,137,105,118,107,170,154,192,206,227,243,250,202,216,181,181,183,189,189,279,32767,200,0,0,32767,32767,32767,0,0,0,0,0,0,0,0,0,0,0,0,0,0,0,0,0,0,0,0,0,0,0,0,0,0]} 1. d4 {[%emt 0:00:00]} Nf6 {[%emt 0:00:38]} 2. c4 {[%emt 0:00:00]} g6 {[%emt 0:00:53]} 3. Nc3 {[%emt 0:00:00]} Bg7 {[%emt 0:00:08]} 4. e4 {[%emt 0:00:00]} d6 {[%emt 0:00:01]} 5. f3 {[%emt 0:00:05]} c5 {[%emt 0:05:30]} 6. d5 {[%emt 0:00:56]} O-O {[%emt 0:06:47]} 7. Bg5 {[%emt 0:03:17]} h6 {[%emt 0:05:28]} 8. Be3 {[%emt 0:00:14]} Na6 {[%emt 0:07:33]} 9. Qd2 {[%emt 0:00:59] E81: King's Indian: Sämisch: 6th move deviations (including 6 Be3 c6)} Kh7 {[%emt 0:00:14]} 10. Nge2 {[%emt 0:01:21]} Nc7 {[%emt 0:03:43] LiveBook: 4 Games} 11. Ng3 {[%emt 0:07:00]} e6 {[%emt 0:04:40]} 12. dxe6 $146 {[%emt 0:04:20]} ({Predecessor:} 12. Be2 exd5 13. cxd5 Bd7 14. a4 Rb8 15. O-O Qe7 16. f4 Bg4 {1-0 (30) Wasdahl,D (2065)-Vigorito,D (2420) Las Vegas 1997}) 12... fxe6 {[%emt 0:05:01]} ({Better is} 12... Nxe6 $14 13. O-O-O b6) 13. Rd1 {[%emt 0:00:44]} Nfe8 {[%emt 0:16:26] [#]} 14. Bxc5 $1 {[%emt 0:08:05]} Rf7 {[%emt 0:03:05]} (14... Nd5 $16) 15. Bd4 {[%emt 0:08:33]} ({Don't play} 15. Bxd6 $6 Nxd6 16. c5 (16. Qxd6 $2 Rd7 $19) 16... Be5 $16) 15... e5 {[%emt 0:09:01]} 16. Be3 {[%emt 0:00:59]} Qh4 {[%emt 0:04:41]} 17. Bd3 {[%emt 0:07:51]} Ne6 {[%emt 0:02:23]} 18. O-O {[%emt 0:06:59]} Nf4 {[%emt 0:05:15]} 19. Rf2 {[%emt 0:02:48]} Be6 {[%emt 0:00:37]} 20. Nd5 {[%emt 0:04:07]} Bxd5 {[%emt 0:01:28]} 21. cxd5 {[%emt 0:00:45]} Qd8 {[%emt 0:06:34]} 22. Bf1 {[%emt 0:01:14]} h5 {[%emt 0:04:36]} 23. Ne2 {[%emt 0:01:41]} Qf6 {[%emt 0:05:33]} 24. Nxf4 {[%emt 0:01:29]} (24. Nc1 $18) 24... exf4 {[%emt 0:00:02]} 25. Bd4 {[%emt 0:00:10]} Qxd4 {[%emt 0:00:14]} 26. Qxd4 {[%emt 0:00:08]} Bxd4 {[%emt 0:00:03]} 27. Rxd4 {[%emt 0:00:09]} Rc8 {[%emt 0:00:02]} 28. Rc4 {[%emt 0:00:53]} Rfc7 {[%emt 0:00:10]} 29. Rxc7+ {[%emt 0:00:10]} Rxc7 {[%emt 0:00:01]} 30. Bd3 {[%emt 0:00:26]} Rc1+ {[%emt 0:00:26]} (30... h4 $16 31. g3 hxg3 32. hxg3 fxg3) 31. Rf1 {[%emt 0:00:15]} Rc5 {[%emt 0:00:06]} 32. g3 {[%emt 0:01:00]} fxg3 {[%emt 0:00:28]} 33. hxg3 {[%emt 0:00:04]} Kg7 {[%emt 0:00:23]} 34. Kg2 {[%emt 0:01:27]} Nf6 {[%emt 0:01:21]} 35. Rf2 {[%emt 0:01:28]} Nd7 {[%emt 0:01:14]} 36. Rc2 {[%emt 0:02:16]} Kf6 {[%emt 0:00:02]} 37. f4 {[%emt 0:01:37]} Ra5 {[%emt 0:01:11]} (37... Rxc2+ $142 38. Bxc2 Nb6) 38. a3 {[%emt 0:01:58]} Nc5 {[%emt 0:00:46]} 39. b4 $2 {[%emt 0:02:49]} (39. Bc4 $18 Nd7 40. Kf3) 39... Nxd3 {[%emt 0:00:20]} 40. Rc3 {[%emt 0:01:28]} Nxf4+ {[%emt 0:30:41]} 41. gxf4 {[%emt 0:30:02]} Ra4 $1 {[%emt 0:01:28]} 42. Re3 {[%emt 0:00:44]} a5 $1 {[%emt 0:00:00]} 43. e5+ {[%emt 0:00:00]} Ke7 {[%emt 0:00:00]} 44. Rb3 {[%emt 0:00:00]} axb4 {[%emt 0:00:00]} 45. Rxb4 {[%emt 0:00:00]} Rxb4 {[%emt 0:00:00]} 46. axb4 {[%emt 0:00:00]} dxe5 {[%emt 0:00:00]} 47. fxe5 {[%emt 0:00:00]} g5 {[%emt 0:00:00]} 48. Kg3 {[%emt 0:00:00]} b5 {[%emt 0:00:00]} 49. Kf3 {[%emt 0:00:00]} g4+ {[%emt 0:00:00]} 50. Kf4 {[%emt 0:00:00]} Kd7 {[%emt 0:00:00]} 51. Kg3 {[%emt 0:00:00]} Ke7 {[%emt 0:00:00]} 52. e6 {[%emt 0:00:00]} Kd6 {[%emt 0:00:00]} 53. Kf4 {[%emt 0:00:00]} Ke7 {[%emt 0:00:00]} 54. Ke5 $11 g3 55. d6+ Ke8 1/2-1/2

[Event "9. Korbacher Open 2017"]
[Site "Korbach"]
[Date "2017.10.19"]
[Round "1"]
[White "Hagedorn, Alfons"]
[Black "Hild, Sebastian"]
[Result "0-1"]
[WhiteElo "1923"]
[BlackElo "1786"]
[Annotator "NA RC"]
[PlyCount "110"]
[EventDate "2017.??.??"]
[EventType "swiss"]
[EventCountry "GER"]
[SourceTitle "playchess.com"]
[Source "ChessBase"]
[SourceQuality "1"]
[TimeControl "40/5400+30:1800+30"]

{[%evp 11,110,66,59,84,87,49,211,32767,32767,71,32767,0,-1,-28,0,-30,-7,-62,-60,-158,-172,-158,-183,-269,-194,-198,-206,-210,-213,-215,-208,-197,-188,-223,-254,32767,-264,-350,-328,-420,-422,-316,-336,-320,-136,-122,-137,-354,-461,-766,-454,-704,-777,-718,-415,-1624,-1907,-1658,-167,-190,-136,-158,-97,32767,-92,32767,32767,32767,32767,-105,-108,-108,-100,-94,-95,-190,-105,-1245,-5081,-29991,-1716,-5620,-5743,-1676,-12833,-29977,-29978,-5193,-29973,-29978,-29964,-29978,-29982,-29982,-12843,-29983,-29983,-29985,-29986,-29986,-29987]} 1. e4 {[%emt 0:00:00]} e5 {[%emt 0:00:08]} 2. Nf3 {[%emt 0:00:00]} Nc6 {[%emt 0:00:02]} 3. Bc4 {[%emt 0:00:00]} Nf6 {[%emt 0:00:43]} 4. Ng5 {[%emt 0:00:42]} d5 {[%emt 0:00:40]} 5. exd5 {[%emt 0:00:08]} Nxd5 {[%emt 0:00:22] [#]} 6. Nxf7 $1 {[%emt 0:00:32]} Kxf7 {[%emt 0:00:27]} 7. Qf3+ {[%emt 0:00:09]} Ke6 $1 {[%emt 0:00:33]} 8. Nc3 {[%emt 0:02:42]} Nce7 {[%emt 0:00:32]} ({Better is} 8... Ncb4 $14) 9. O-O {[%emt 0:02:00]} c6 {[%emt 0:00:24] C57: Two Knights: Wilkes-Barre/Traxler and 4 Ng5 d5 5 exd5, unusual Black 5th moves} 10. d4 {[%emt 0:00:30]} Kd6 {[%emt 0:07:36]} 11. Rd1 $146 {[%emt 0:06:17]} ({Predecessor:} 11. Bg5 $16 Be6 12. Rfe1 exd4 13. Ne4+ Kc7 14. Qg3+ Kb6 15. Qb3+ Kc7 16. Qg3+ Kb6 17. Nd6 {1-0 (26) Zhigalko,S (2671)-Agdestein,S (2602) Doha 2016}) 11... Be6 {[%emt 0:13:46]} 12. Bg5 {[%emt 0:08:18]} Qc8 {[%emt 0:03:49]} 13. dxe5+ {[%emt 0:01:53]} Kc7 {[%emt 0:00:24]} 14. Bxe7 {[%emt 0:18:06]} Nxe7 {[%emt 0:06:58]} 15. Qd3 {[%emt 0:04:58] [#]} (15. Bxe6 $11 Qxe6 16. Rd6 Qxe5 17. Rad1) 15... Ng6 $1 {[%emt 0:04:27]} 16. Bb3 {[%emt 0:06:48]} Be7 {[%emt 0:04:51]} 17. Qe4 {[%emt 0:07:42]} Bxb3 {[%emt 0:04:20]} 18. cxb3 {[%emt 0:00:49]} Qe6 {[%emt 0:00:15]} 19. f4 {[%emt 0:03:28]} Rhf8 {[%emt 0:01:48]} 20. g3 {[%emt 0:03:07]} Rad8 {[%emt 0:03:03]} 21. Rxd8 {[%emt 0:01:53]} Bxd8 {[%emt 0:00:39]} ({Weaker is} 21... Rxd8 22. f5 $11) 22. Rc1 {[%emt 0:04:05]} Kb8 {[%emt 0:00:34]} 23. Rd1 {[%emt 0:02:15]} Bc7 {[%emt 0:04:18]} 24. Rf1 {[%emt 0:04:18]} Qh3 {[%emt 0:06:42]} ({Don't take} 24... Bb6+ 25. Kg2 $19) 25. Rf3 {[%emt 0:05:12]} Ne7 {[%emt 0:14:39]} (25... Bb6+ $2 26. Kh1 $19) 26. Na4 {[%emt 0:01:54]} Rd8 {[%emt 0:01:25]} 27. Rd3 {[%emt 0:01:14]} Qf5 {[%emt 0:06:37]} (27... Re8 $19 {has better winning chances.} 28. Nc5 {[#]} g5 $1 {[%mdl 512]} 29. fxg5 Bb6) 28. Rxd8+ {[%emt 0:03:16]} Bxd8 {[%emt 0:00:01]} 29. Qd4 $2 {[%emt 0:01:05]} (29. Qxf5 $17 {only move.} Nxf5 30. Kf2) 29... Nd5 {[%emt 0:01:17]} ({Nicht} 29... Qb1+ 30. Kg2 $19) 30. Qc5 $2 {[%emt 0:02:05]} (30. Kh1) 30... Be7 {[%emt 0:02:05]} 31. Qd4 {[%emt 0:01:24]} (31. Qf2 $142 Qb1+ 32. Qf1 Qxa2 33. Qd1) 31... Qb1+ {[%emt 0:03:58]} 32. Kg2 {[%emt 0:00:00]} Qe1 {[%emt 0:00:48]} 33. Kf3 $2 {[%emt 0:03:24]} (33. Qf2 Qc1 34. Nc3) 33... Qf1+ {[%emt 0:00:36]} 34. Qf2 {[%emt 0:01:06]} Qxf2+ $2 {[%emt 0:02:31]} (34... Qd3+ 35. Kg2 Ne3+ 36. Qxe3 Qxe3) 35. Kxf2 {[%emt 0:00:01]} Nb4 {[%emt 0:02:47]} 36. a3 {[%emt 0:00:49]} b5 {[%emt 0:00:36]} ({Black should play} 36... Nd3+ $19 37. Ke3 Nc5 38. Nxc5 Bxc5+ 39. Ke4 Kc7) 37. axb4 {[%emt 0:03:50]} bxa4 {[%emt 0:00:25]} 38. bxa4 {[%emt 0:00:04]} Bxb4 {[%emt 0:00:18]} 39. Kf3 {[%emt 0:00:48]} Kc7 {[%emt 0:00:28]} 40. Ke4 {[%emt 0:01:06]} Bc5 {[%emt 0:31:55]} 41. h3 {[%emt 0:03:00]} Kd7 {[%emt 0:00:00]} 42. g4 {[%emt 0:04:05]} Bf2 {[%emt 0:00:00]} 43. Kf5 {[%emt 0:01:29]} Ke7 {[%emt 0:00:00]} 44. Kg5 $2 {[%emt 0:02:54]} (44. b3) 44... Ke6 {[%emt 0:00:00]} 45. h4 {[%emt 0:02:55]} Be3 {[%emt 0:00:00]} (45... Bc5 $142 46. Kh5 Be7 47. b4 Bxb4 48. Kg5 Be7+ 49. Kh5 a5 50. f5+ Kxe5 51. f6 Kxf6 52. g5+ Kf5 53. g6 hxg6#) 46. h5 {[%emt 0:00:46]} h6+ {[%emt 0:00:00]} 47. Kg6 {[%emt 0:00:31]} Bxf4 {[%emt 0:00:00] Kxh6 gxh6} 48. Kxg7 {[%emt 0:00:06]} Kxe5 {[%emt 0:00:00]} 49. Kf7 {[%emt 0:00:16]} Kd6 {[%emt 0:00:00]} 50. Kf6 {[%emt 0:00:18]} Bg5+ {[%emt 0:00:00]} 51. Kf7 {[%emt 0:00:29]} c5 {[%emt 0:00:00]} 52. b3 {[%emt 0:01:55]} a5 {[%emt 0:00:00]} 53. Ke8 {[%emt 0:00:29]} Kc6 {[%emt 0:00:00]} 54. Kf7 {[%emt 0:00:14]} Kd5 {[%emt 0:00:00]} 55. Ke8 {[%emt 0:00:06]} c4 {[%emt 0:00:00]} 0-1

[Event "9. Korbacher Open 2017"]
[Site "Korbach"]
[Date "2017.10.19"]
[Round "1"]
[White "Voelz, Stephan"]
[Black "Roeberg, Frank"]
[Result "1/2-1/2"]
[WhiteElo "1910"]
[BlackElo "2194"]
[Annotator "TA"]
[PlyCount "45"]
[EventDate "2017.??.??"]
[EventType "swiss"]
[EventCountry "GER"]
[SourceTitle "playchess.com"]
[Source "ChessBase"]
[SourceQuality "1"]

{[%evp 19,45,0,0,-16,-6,-20,-25,-39,-35,-52,-20,-36,-34,-38,-45,-39,-33,-20,3,5,80,64,73,12,9,0,77,56]} 1. d4 Nf6 2. Nf3 c5 3. c3 cxd4 4. cxd4 d5 5. Nc3 Nc6 6. Bf4 Bf5 7. e3 e6 8. Bb5 Nd7 9. O-O Be7 10. Qa4 Qb6 {LiveBook: 25 Games} 11. Rfd1 {D14: Slav Defence: Exchange variation with ...Bf5} (11. Qb3 a6 12. Bxc6 bxc6 13. Qxb6 Nxb6 14. Bc7 Nd7 15. Na4 Rc8 16. Ba5 Bc2 17. b3 Ba3 18. Bc3 Ke7 {½-½ (39) Delgado Ramos,H (2488)-Thakur,A (2327) Sitges 2011}) 11... O-O 12. Rd2 $146 ({Predecessor:} 12. Rac1 Rac8 13. h3 a6 14. Bd3 Bxd3 15. Rxd3 Nf6 16. Rd2 Rfd8 17. a3 Na5 18. b4 Nc4 {1-0 (60) Rutland Manners,F-Kalinovsky,P Australia 1976}) 12... Rac8 13. Be2 {Black has an edge.} Rfd8 14. Qd1 a6 15. Rc1 Na5 16. Na4 {[%cal Bc3a4,Ba4b2,Bb2d3][%mdl 32]} Rxc1 17. Qxc1 Qb4 18. b3 b5 19. Nb2 Bd6 (19... Qa3 $1 $11 {remains equal.}) 20. Bxd6 Qxd6 21. Bd3 ({White should try} 21. Nh4 $16) 21... Bg4 $11 22. Be2 (22. Bf1 $11) 22... Bf5 $16 23. Nd3 {Precision: White = 20%, Black = 70%.} 1/2-1/2

[Event "9. Korbacher Open 2017"]
[Site "Korbach"]
[Date "2017.10.19"]
[Round "1"]
[White "Buese, Ralf"]
[Black "Trunz, Elena"]
[Result "1/2-1/2"]
[WhiteElo "1892"]
[BlackElo "2127"]
[Annotator "TA"]
[PlyCount "38"]
[EventDate "2017.??.??"]
[EventType "swiss"]
[EventCountry "GER"]
[SourceTitle "playchess.com"]
[Source "ChessBase"]
[SourceQuality "1"]

{[%evp 9,38,30,27,30,42,38,37,49,61,69,68,52,46,35,33,36,57,23,34,34,35,34,63,63,81,66,89,82,87,8,9]} 1. d4 d5 2. Bf4 c6 3. e3 Bf5 4. c4 {[%cal Bc2c4,Bc4c5][%mdl 32]} e6 5. Nc3 Nf6 (5... Nd7 6. Qb3 Qb6 7. c5 Qxb3 8. axb3 a6 9. Nf3 h6 10. b4 Rc8 11. Nd2 f6 {1-0 (29) Grischuk,A (2774)-Bartel,M (2622) Berlin 2015}) 6. Qb3 {D00: 1 d4 d5: Unusual lines} Qb6 7. c5 Qxb3 8. axb3 {White is slightly better.} Nbd7 9. b4 Be7 10. h3 O-O 11. Nf3 a6 12. Be2 Ne4 13. O-O h6 $146 14. Nxe4 Bxe4 15. Nd2 {[%cal Bf3d2,Bd2b3,Bb3a5][%mdl 32]} Bh7 16. Nb3 f6 17. Na5 e5 18. Bh2 Rab8 19. Rfd1 (19. Bg4 $16 Rfd8 20. Be6+ Kh8 21. Rfd1) 19... Bd8 {Precision: White = 63%, Black = 69%.} 1/2-1/2

[Event "9. Korbacher Open 2017"]
[Site "Korbach"]
[Date "2017.10.19"]
[Round "1"]
[White "Kirchner, Markus"]
[Black "Koellner, Ruben Gideon"]
[Result "0-1"]
[WhiteElo "1884"]
[BlackElo "2148"]
[Annotator "TA"]
[PlyCount "70"]
[EventDate "2017.??.??"]
[EventType "swiss"]
[EventCountry "GER"]
[SourceTitle "playchess.com"]
[Source "ChessBase"]
[SourceQuality "1"]

{[%evp 10,70,50,18,27,22,51,44,50,33,44,33,62,46,37,35,87,84,90,13,24,22,68,20,54,-117,-73,-58,-41,-45,0,-343,-338,-320,-247,-535,-536,-610,-581,-767,-550,-561,-533,-581,-555,-575,-574,-556,-542,-556,-518,-1258,-1260,-1258,-1233,-1251,-1173,-1216,-1216,-1193,-1189,-29995,-1656]} 1. e4 d6 2. d4 Nf6 3. Nc3 e5 4. Nf3 Nbd7 5. Bc4 Be7 6. Be3 {LiveBook: 6 Games} c6 {C41: Philidor Defence} 7. a4 Qc7 (7... O-O 8. Ba2 b6 9. O-O a6 10. Re1 Qc7 11. Nh4 Re8 12. Nf5 Bf8 13. Qd3 c5 14. dxc5 Nxc5 15. Bxc5 dxc5 {1-0 (40) Andriasian,Z (2585)-Borsuk,A (2385) Kavala 2009}) 8. O-O h6 {White is slightly better.} 9. Qe2 Nf8 10. d5 $146 ({Predecessor:} 10. dxe5 dxe5 11. Ne1 g5 12. Nd3 b6 13. b4 a6 14. Bb3 {1-0 (41) Kordic,N (2110)-Todic,Z (2314) Belgrade 2005}) 10... g5 11. b4 {[%cal Bb2b4,Bb4b5][%mdl 32]} Ng6 12. b5 c5 (12... O-O $14) 13. a5 Qd8 14. Bb3 (14. Nd2 $16) 14... Bg4 $1 $11 15. h3 Bd7 16. Rfb1 Rg8 17. g4 $2 (17. Nh2 $14 {keeps the upper hand.}) 17... Nxg4 18. hxg4 Bxg4 {Strongly threatening ...Nh4.} 19. b6 $1 a6 {[#] White must now prevent ...Nh4.} (19... Kf8 $5 {[%cal Ra7b6]}) 20. Nb5 $2 {[%mdl 8192]} (20. Kh2 $11 {and White is okay.}) 20... Kf8 ({Weaker is} 20... axb5 21. Qxb5+ Kf8 22. Nh2 $17) 21. Nc7 Rb8 22. Bxc5 $2 (22. Qd1 {was called for.} Nh4 23. Nd4 exd4 24. Qxg4 dxe3 25. fxe3) 22... Nh4 $19 {[%cal Bg6h4,Bh4f3,Bf3d2][%mdl 32]} ({Not} 22... dxc5 23. Qe3 $17) 23. Qc4 Nxf3+ 24. Kh1 Nd2 25. Qd3 Nxb1 26. Bb4 Rg6 27. f3 Bh5 28. Rxb1 Qd7 {aiming for ...Qh3+.} 29. Kh2 g4 {[%cal Bg5g4,Bg4g3][%mdl 32]} 30. f4 (30. Rg1 $142) 30... g3+ 31. Kg2 exf4 {[%cal Be5f4,Bf4f3][%mdl 32]} 32. Ne6+ fxe6 33. dxe6 f3+ 34. Kg1 Qb5 35. Qd4 Qe5 {Precision: White = 27%, Black = 43%.} (35... f2+ $142 36. Kg2 {[#]} Bf3+ $1 {[%mdl 512]} 37. Kxf3 f1=Q+ 38. Rxf1 Qxf1+ 39. Ke3 Bg5#) 0-1

[Event "9. Korbacher Open 2017"]
[Site "Korbach"]
[Date "2017.10.19"]
[Round "1"]
[White "Lehmann, Tim"]
[Black "Vlaming, Jos"]
[Result "0-1"]
[WhiteElo "1865"]
[BlackElo "2136"]
[Annotator "TA"]
[PlyCount "38"]
[EventDate "2017.??.??"]
[EventType "swiss"]
[EventCountry "GER"]
[SourceTitle "playchess.com"]
[Source "ChessBase"]
[SourceQuality "1"]

{[%evp 11,38,2,34,27,29,15,28,-40,-33,-34,-28,-47,-24,-63,-59,-87,-117,-167,-176,-205,-201,-208,-208,-214,-212,-636,-638,-705,-703]} 1. d4 d5 2. Bf4 Nf6 3. e3 e6 4. Nf3 c5 5. c3 Nc6 6. Nbd2 cxd4 7. exd4 {D02: 1 d4 d5 2 Nf3 sidelines, including 2...Nf6 3 g3 and 2...Nf6 3 Bf4} Nh5 8. Bg5 (8. Be5 f6 9. Bg3 g6 10. Be2 Bg7 11. O-O O-O 12. Qb3 Kh8 13. Rad1 b6 14. Rfe1 Bb7 {0-1 (49) Wang,Y (2699)-Le,Q (2739) Ashkhabad 2017}) 8... f6 9. Bh4 (9. Be3 $11 Bd6 10. g3) 9... Bd6 10. Qc2 $146 ({Predecessor:} 10. Ne5 g6 11. Nd3 Ng7 12. Bg3 e5 13. dxe5 fxe5 14. Be2 Nf5 {0-1 (44) Chabanon,J (2453)-Lagarde,M (2598) Paris 2017}) 10... O-O 11. Bd3 g6 12. Bg3 e5 13. dxe5 fxe5 ({But not} 13... Nxg3 $6 14. hxg3 Qe8 15. O-O-O $14) 14. Bh4 Be7 15. Bxg6 hxg6 ({Don't do} 15... Bxh4 16. Bxh5 e4 17. O-O) 16. Qxg6+ Ng7 17. Bxe7 Qxe7 18. O-O-O $2 (18. O-O) 18... Bf5 $19 19. Qg3 {[#]} Nb4 $1 {[%mdl 512]} 0-1

[Event "9. Korbacher Open 2017"]
[Site "Korbach"]
[Date "2017.10.19"]
[Round "1"]
[White "Flach, Helene"]
[Black "Hansen, Flemming Haupt"]
[Result "0-1"]
[WhiteElo "1862"]
[BlackElo "2121"]
[Annotator "TA"]
[PlyCount "88"]
[EventDate "2017.??.??"]
[EventType "swiss"]
[EventCountry "GER"]
[SourceTitle "playchess.com"]
[Source "ChessBase"]
[SourceQuality "1"]

{[%evp 15,88,0,1,-6,-4,-2,18,10,20,0,13,0,0,-10,23,-10,-14,-26,-17,-19,-17,-65,-5,-108,-74,-176,-179,-168,-176,-160,-32,-198,-219,-217,-176,-166,-158,-186,-140,-252,-103,-171,-162,-139,-131,-109,-81,-79,-70,-101,43,-76,-76,-72,-62,-66,-24,-103,-125,-113,-112,-245,-245,-244,-230,-325,-256,-5257,-240,-1102,-220,-1141,-888,-1280,-1275]} 1. e4 d6 2. d4 Nf6 3. Nc3 g6 4. Nf3 Bg7 5. Be2 O-O 6. O-O e5 7. Re1 exd4 8. Nxd4 Nc6 9. Nf3 {C41: Philidor Defence} (9. Nxc6 bxc6 10. f4 Re8 11. Bf3 Bb7 12. Be3 Qc8 13. Bf2 Nd7 14. Bd4 Bh6 15. g3 c5 16. Bf2 Bg7 17. Rb1 Rb8 18. Bg2 Bc6 19. Qd3 Qb7 20. Bh3 Rbd8 21. Nd5 Bxd5 22. Qxd5 Qxd5 {½-½ (22) Grabarczyk,B (2439)-Vassallo Barroche,M (2470) Panormo 2001}) 9... h6 $146 ({Predecessor:} 9... Re8 10. Bf1 Bg4 11. h3 Bxf3 12. Qxf3 Nd4 13. Qd3 Ne6 14. Be3 {½-½ (32) Sanz Garcia,R (1740)-Martinez Lopez Cozar,M (1668) Benidorm 2014}) 10. h3 Be6 11. Bb5 {[%cal Be2b5,Bb5a4,Ba4c2][%mdl 32] The position is equal.} a6 12. Ba4 d5 13. exd5 Nxd5 14. Ne4 Qe7 15. c3 b5 16. Bc2 Rad8 {And now ...Nxc3 would win.} 17. Qe2 Rfe8 18. Bd2 Qf8 (18... f5 $15 19. Ng3 Nb6) 19. Qf1 (19. a4 $1 $11 {remains equal.}) 19... Nb6 {aiming for ...Bc4.} 20. Be3 (20. Bb3 $17) 20... Bc4 $1 $36 {[%cal Rc4f1][%mdl 2048] Black has strong initiative.} 21. Bc5 Ne7 $1 ({Resist} 21... Bxf1 22. Bxf8 Kxf8 23. Kxf1 $15) 22. Re2 Nbd5 (22... Bxe2 $17 23. Qxe2 Nd7) 23. Nfd2 $2 (23. Bb3 $1 $15 Bxe2 24. Qxe2) 23... Bxe2 24. Qxe2 Nf4 25. Qf3 Ne6 26. Ba3 {[#]} c5 $1 {White must now prevent ...a5.} 27. Nb3 {[#]} (27. Bb3 $17) (27. Bxc5 Nxc5) 27... Nc6 (27... b4 $1 $19 {[%cal Rb4a3]} 28. cxb4 c4) 28. Nbxc5 {[#]} (28. Nexc5 $17 b4 29. Bxb4 Nxb4 30. cxb4) 28... b4 $1 {[%mdl 512]} 29. Bxb4 Nxb4 30. cxb4 Bxb2 31. Rb1 Nd4 32. Qd3 Nc6 (32... Nxc2 $17 33. Qxc2 Bd4 34. Nxa6 Qe7) 33. Qb3 (33. Qxa6 $14 {keeps the upper hand.} Nxb4 34. Qc4 Nxc2 35. Rxb2) 33... Be5 $17 34. Nxa6 Nd4 35. Qc4 Rc8 36. Nec5 (36. Nac5 $11) 36... Nxc2 37. Qxc2 Qd6 38. Qa4 (38. Qd3 $17) 38... Bh2+ $19 {[%mdl 1024] Black has strong compensation.} 39. Kh1 Re2 40. Rd1 (40. Qd7 {was called for.} Rce8 41. Qxd6 Bxd6 42. Nd3) 40... Be5 41. Rf1 $2 (41. Qd7 Qxd7 42. Nxd7) 41... Qd5 $2 (41... Qd2 42. Qd1 Qf4 $1 {[%mdl 512]}) 42. a3 $2 (42. Qd7 Rd8 43. Qxd5 Rxd5 44. a4) 42... Bd6 $2 (42... Qd2 {( -> ...Re1)} 43. Qd1 {[#]} Qf4 $1 {[%mdl 512]}) 43. Qd7 $2 (43. Qb3 Qxb3 44. Nxb3) 43... Rce8 44. Kg1 Re1 {Precision: White = 13%, Black = 37%.} 0-1

[Event "9. Korbacher Open 2017"]
[Site "Korbach"]
[Date "2017.10.19"]
[Round "1"]
[White "Forgach, Andreas"]
[Black "Heinemann, Ernst"]
[Result "1/2-1/2"]
[WhiteElo "1851"]
[BlackElo "2099"]
[Annotator "NA RC"]
[PlyCount "38"]
[EventDate "2017.??.??"]
[EventType "swiss"]
[EventCountry "GER"]
[SourceTitle "playchess.com"]
[Source "ChessBase"]
[SourceQuality "1"]
[TimeControl "40/5400+30:1800+30"]

{[%evp 8,38,47,32767,32767,32767,36,0,22,13,94,58,69,32767,32767,32767,32767,11,19,4,181,168,201,158,191,156,204,113,154,135,215,230,370]} 1. e4 {[%emt 0:00:00]} d5 {[%emt 0:00:17]} 2. exd5 {[%emt 0:00:00]} Nf6 {[%emt 0:00:07]} 3. d4 {[%emt 0:00:47]} Bg4 {[%emt 0:00:12]} 4. Be2 {[%emt 0:01:46]} Bxe2 {[%emt 0:02:28]} 5. Nxe2 {[%emt 0:00:45]} Qxd5 {[%emt 0:00:17]} 6. O-O {[%emt 0:01:19]} e6 {[%emt 0:05:36] B01: Scandinavian Defence} (6... Nc6 7. c3 O-O-O 8. Qb3 Qxb3 9. axb3 a6 10. Bf4 e6 11. Nd2 Bd6 12. Nc4 Bxf4 13. Nxf4 Rhe8 14. Rfe1 Nd5 15. Nd3 f6 {1-0 (38) Socko,B (2651)-Laylo,D (2511) Bangkok 2014}) 7. Nbc3 {[%emt 0:02:09]} Qh5 {[%emt 0:02:32]} 8. Bf4 {[%emt 0:06:55]} Bd6 {[%emt 0:02:51]} (8... c6 $11 {keeps the balance.}) 9. Bxd6 {[%emt 0:07:35]} cxd6 {[%emt 0:00:11]} 10. Qd3 {[%emt 0:05:00]} a6 {[%emt 0:02:00]} 11. Ng3 $146 {[%emt 0:01:43]} ({Predecessor:} 11. Qg3 Ke7 12. d5 e5 13. f4 Nbd7 14. fxe5 dxe5 {1-0 (32) Nissen,C (2133)-Heisel,G (2094) Germany 2014}) 11... Qg6 {[%emt 0:03:59]} 12. Nce4 {[%emt 0:04:16]} Nxe4 {[%emt 0:04:38]} 13. Nxe4 {[%emt 0:04:25]} Ke7 $2 {[%emt 0:03:39]} (13... O-O $1 $11 {and Black has nothing to worry.}) 14. Rae1 {[%emt 0:05:40]} Rd8 {[%emt 0:00:51]} 15. f4 {[%emt 0:03:44]} Kf8 {[%emt 0:05:23]} 16. Qa3 {[%emt 0:07:29]} Kg8 {[%emt 0:00:57] [#]} 17. Nxd6 {[%emt 0:02:11]} (17. f5 $1 $18 {[%cal Rf5g6]} exf5 {[#]} 18. Nxd6 $1 {[%mdl 512]}) 17... Nc6 {[%emt 0:01:26]} 18. f5 {[%emt 0:00:57]} ({Don't take} 18. Nxb7 Rdb8 $16) (18. c3 $18) 18... exf5 $18 (18... Qf6 $16 19. c3 (19. Nxb7 Qxd4+ 20. Kh1 Rdb8 $18) 19... e5) 19. Nxf5 Rd7 $2 (19... Kh8 20. c3 f6) 1/2-1/2